Muelle para la sección de marina del Centro Universitario de Occidente

保存先:
書誌詳細
第一著者: Badilla Brenes, Víctor Hugo
フォーマット: 不明
出版事項: [San José, Costa Rica] 1981
主題:
タグ: タグ追加
タグなし, このレコードへの初めてのタグを付けませんか!

MARC

LEADER 00000 a2200000 4500
003 001413
005 20221231143743.0
008 140114s1981 c a m 000 ||s d
040 |c cru CEDI 
090 |a TFG 1027 
100 |a Badilla Brenes, Víctor Hugo  |9 15878 
245 |a Muelle para la sección de marina del Centro Universitario de Occidente 
260 |c 1981  |a  [San José, Costa Rica] 
300 |a  [79] hojas : ilustraciones(algunas plegables) ; 28 cm  
500 |a Proyecto de graduación (ingeniero civil)-- Universidad de Costa Rica. 
650 |x MUELLES   |9 15879 
942 |c TFG 
999 |c 11287  |d 11287